[Event "XXIII Torneo di Capodanno"]
[Site "Reggio nell'Emilia ITA"]
[Date "1980.12.??"]
[Round "7"]
[White "Wittmann, Walter"]
[Black "Trois, Francisco R.T."]
[Result "1/2-1/2"]
[WhiteElo "2365"]
[BlackElo "2395"]
[PlyCount "21"]
[EventDate "1980.12.27"]

1. e4 g6 2. d4 Bg7 3. Nc3 d6 4. f4 Nc6 5. Be3 Nf6 6. Be2 O-O 7. Nf3 a6 8. a4 e6
9. h3 b6 10. g4 Ne7 11. g5 1/2-1/2

[Event "XXIII Torneo di Capodanno"]
[Site "Reggio nell'Emilia ITA"]
[Date "1980.12.??"]
[Round "8"]
[White "Minic, Dragoljub"]
[Black "Bertok, Mario"]
[Result "1/2-1/2"]
[WhiteElo "2405"]
[BlackElo "2375"]
[PlyCount "33"]
[EventDate "1980.12.27"]

1. c4 c5 2. Nc3 Nc6 3. g3 g6 4. Bg2 Bg7 5. e3 e6 6. Nge2 Nge7 7. O-O O-O 8. d4
cxd4 9. Nxd4 d5 10. cxd5 Nxd4 11. exd4 Nxd5 12. Nxd5 exd5 13. Be3 Be6 14. Qb3
Qd7 15. Rac1 Rfc8 16. h4 h5 17. Rfd1 1/2-1/2

[Event "XXIII Torneo di Capodanno"]
[Site "Reggio nell'Emilia ITA"]
[Date "1980.12.??"]
[Round "8"]
[White "Paniagua, Roberto"]
[Black "Messa, Roberto"]
[Result "1/2-1/2"]
[WhiteElo "2250"]
[BlackElo "2265"]
[PlyCount "77"]
[EventDate "1980.12.27"]

1. e4 e6 2. d4 d5 3. Nd2 c5 4. exd5 exd5 5. Bb5+ Nc6 6. Ngf3 Bd6 7. dxc5 Bxc5
8. O-O Nge7 9. Nb3 Bd6 10. Bxc6+ bxc6 11. Qd4 O-O 12. Bf4 Bf5 13. c3 Be4 14.
Bxd6 Nf5 15. Qc5 Qxd6 16. Qxd6 Nxd6 17. Ne5 Rac8 18. Nc5 f6 19. Ng4 Rfe8 20.
Ne3 Rb8 21. b3 Re7 22. Rfd1 Nb5 23. Rac1 Rbe8 24. Kf1 Bg6 25. a4 Nc7 26. Rd4
Rb8 27. b4 Bf7 28. Nf5 Ree8 29. Nd6 Re7 30. Re1 Rxe1+ 31. Kxe1 Ne6 32. Nxe6
Bxe6 33. Rf4 Kf8 34. Nf5 Bxf5 35. Rxf5 Ke7 36. Rh5 h6 37. Rh4 Kd6 38. Kd2 a6
39. Rg4 1/2-1/2

[Event "XXIII Torneo di Capodanno"]
[Site "Reggio nell'Emilia ITA"]
[Date "1980.12.??"]
[Round "8"]
[White "Trois, Francisco R.T."]
[Black "Chevaldonnet, Francois"]
[Result "1-0"]
[WhiteElo "2395"]
[BlackElo "2375"]
[PlyCount "35"]
[EventDate "1980.12.27"]

1. Nf3 Nf6 2. c4 g6 3. Nc3 Bg7 4. d4 O-O 5. g3 d6 6. Bg2 c6 7. O-O Qa5 8. e4 e5
9. h3 exd4 10. Nxd4 Qb4 11. Nc2 Qxc4 12. Qxd6 Na6 13. Be3 Re8 14. Rfd1 Qe6 15.
Qxe6 Bxe6 16. Nd4 Bc8 17. Rac1 Nc5 18. Nxc6 1-0

[Event "XXIII Torneo di Capodanno"]
[Site "Reggio nell'Emilia ITA"]
[Date "1980.12.??"]
[Round "8"]
[White "Wagman, Stuart"]
[Black "Taruffi, Daniele"]
[Result "0-1"]
[WhiteElo "2300"]
[BlackElo "2345"]
[PlyCount "81"]
[EventDate "1980.12.27"]

1. c4 e6 2. Nf3 d5 3. d4 Nf6 4. Nc3 Nbd7 5. Bg5 c6 6. cxd5 exd5 7. Qc2 Be7 8.
e3 h6 9. Bh4 O-O 10. Bd3 Re8 11. O-O Ne4 12. Bxe7 Qxe7 13. Rab1 Ndf6 14. b4 Bf5
15. Na4 Rac8 16. Rb2 Bh7 17. Qb3 Nd6 18. Bxh7+ Kxh7 19. Nc5 Nfe4 20. a4 Nc4 21.
Rc2 Ned6 22. Rfc1 Kg8 23. Nd3 a5 24. bxa5 Ra8 25. Nb2 Rxa5 26. Nxc4 dxc4 27.
Qa3 b5 28. Qc5 Rxa4 29. Ne5 Rc8 30. Nxc6 Qc7 31. d5 Kh8 32. e4 Re8 33. Re2 f6
34. f4 Rxe4 35. Rxe4 Nxe4 36. Qxb5 Nc3 37. Qc5 Qxf4 38. Re1 Ne4 39. Qd4 c3 40.
Ne7 Kh7 41. g3 0-1

[Event "XXIII Torneo di Capodanno"]
[Site "Reggio nell'Emilia ITA"]
[Date "1980.12.??"]
[Round "9"]
[White "Bertok, Mario"]
[Black "Wagman, Stuart"]
[Result "1/2-1/2"]
[WhiteElo "2375"]
[BlackElo "2300"]
[PlyCount "26"]
[EventDate "1980.12.27"]

1. c4 Nf6 2. Nc3 d5 3. cxd5 Nxd5 4. g3 g6 5. Bg2 Nb6 6. d4 Bg7 7. Nf3 O-O 8.
O-O Nc6 9. e3 e5 10. d5 Na5 11. e4 c6 12. Ne1 cxd5 13. exd5 Nac4 1/2-1/2

[Event "XXIII Torneo di Capodanno"]
[Site "Reggio nell'Emilia ITA"]
[Date "1980.12.??"]
[Round "9"]
[White "Evangelisti, Claudio R."]
[Black "De Eccher, Stefano"]
[Result "1/2-1/2"]
[WhiteElo "2315"]
[BlackElo "2285"]
[PlyCount "122"]
[EventDate "1980.12.27"]

1. d4 Nf6 2. c4 e6 3. Nc3 Bb4 4. e3 b6 5. Bd3 Bb7 6. Nf3 Ne4 7. O-O Bxc3 8.
bxc3 f5 9. Ne1 Qh4 10. f3 Nf6 11. c5 bxc5 12. Qb3 Bc6 13. Qa3 cxd4 14. cxd4 d6
15. Qa5 Nd5 16. e4 Nb6 17. Nc2 O-O 18. exf5 Ba4 19. Bb2 Bxc2 20. Bxc2 Nc4 21.
Qxc7 Nxb2 22. Qxd6 Rd8 23. Qxe6+ Kh8 24. Be4 Nd7 25. Bxa8 Qxd4+ 26. Kh1 Rxa8
27. Qe4 Qxe4 28. fxe4 Nd3 29. Rad1 N7e5 30. h3 Rb8 31. Rb1 Rb6 32. Kh2 Kg8 33.
Rxb6 axb6 34. Rb1 Nc4 35. Rb3 Nde5 36. Kg3 Kf7 37. Kf4 Kf6 38. g4 h6 39. h4 g5+
40. fxg6 Nxg6+ 41. Kg3 Nge5 42. Rb5 Kg6 43. Rd5 Kf6 44. Rd8 Nf7 45. Rc8 Nfe5
46. Rf8+ Kg7 47. Rf5 Kg6 48. g5 hxg5 49. Rxg5+ Kh6 50. Rg8 Ng6 51. Rc8 Nge5 52.
Rc7 Kh5 53. Rh7+ Kg6 54. Ra7 Kh5 55. Kf4 Ng6+ 56. Kf5 Nd6+ 57. Ke6 Nxe4 58. Kd5
Nc3+ 59. Kc4 Nxa2 60. Rxa2 Nxh4 61. Kb5 Kg4 1/2-1/2

[Event "XXIII Torneo di Capodanno"]
[Site "Reggio nell'Emilia ITA"]
[Date "1980.12.??"]
[Round "9"]
[White "Messa, Roberto"]
[Black "Minic, Dragoljub"]
[Result "0-1"]
[WhiteElo "2265"]
[BlackElo "2405"]
[PlyCount "54"]
[EventDate "1980.12.27"]

1. e4 c5 2. Nf3 d6 3. d4 cxd4 4. Nxd4 Nf6 5. Nc3 a6 6. Be2 e5 7. Nb3 Be7 8. a4
Be6 9. O-O Nbd7 10. f4 Rc8 11. a5 O-O 12. Be3 exf4 13. Rxf4 Ne5 14. Nd4 Re8 15.
Nf5 Bf8 16. Ra4 Ng6 17. Rf2 Qd7 18. Qd4 d5 19. Ra1 Nxe4 20. Nxe4 Bxf5 21. Ng3
Bc5 22. Qxc5 Rxc5 23. Bxc5 Bxc2 24. Bd4 Ne5 25. Rc1 Bg6 26. h4 Nc6 27. Bb6 Qd6
0-1

[Event "XXIII Torneo di Capodanno"]
[Site "Reggio nell'Emilia ITA"]
[Date "1980.12.??"]
[Round "9"]
[White "Renman, Nils-Gustaf"]
[Black "Trois, Francisco R.T."]
[Result "1/2-1/2"]
[WhiteElo "2425"]
[BlackElo "2395"]
[PlyCount "21"]
[EventDate "1980.12.27"]

1. d4 Nf6 2. Nf3 c5 3. d5 g6 4. Nc3 Bg7 5. e4 O-O 6. Be2 d6 7. O-O Na6 8. Nd2
Nc7 9. a4 b6 10. Nc4 Ba6 11. f4 1/2-1/2

[Event "XXIII Torneo di Capodanno"]
[Site "Reggio nell'Emilia ITA"]
[Date "1980.12.??"]
[Round "9"]
[White "Wittmann, Walter"]
[Black "Paniagua, Roberto"]
[Result "1/2-1/2"]
[WhiteElo "2365"]
[BlackElo "2250"]
[PlyCount "36"]
[EventDate "1980.12.27"]

1. e4 c5 2. Nf3 Nc6 3. d4 cxd4 4. Nxd4 Nf6 5. Nc3 e5 6. Ndb5 d6 7. Bg5 a6 8.
Na3 b5 9. Nd5 Be7 10. Bxf6 Bxf6 11. c3 O-O 12. Nc2 Bg5 13. a4 bxa4 14. Rxa4 a5
15. Bc4 Kh8 16. O-O f5 17. exf5 Bxf5 18. Qe2 Be6 1/2-1/2

[Event "XXIII Torneo di Capodanno"]
[Site "Reggio nell'Emilia ITA"]
[Date "1980.12.??"]
[Round "10"]
[White "De Eccher, Stefano"]
[Black "Taruffi, Daniele"]
[Result "1/2-1/2"]
[WhiteElo "2285"]
[BlackElo "2345"]
[PlyCount "21"]
[EventDate "1980.12.27"]

1. d4 d5 2. c4 e6 3. Nc3 Nf6 4. cxd5 exd5 5. Bg5 Be7 6. e3 c6 7. Qc2 Nbd7 8.
Nf3 O-O 9. Bd3 Re8 10. O-O h6 11. Bf4 1/2-1/2

[Event "XXIII Torneo di Capodanno"]
[Site "Reggio nell'Emilia ITA"]
[Date "1980.12.??"]
[Round "10"]
[White "Paniagua, Roberto"]
[Black "Minic, Dragoljub"]
[Result "1/2-1/2"]
[WhiteElo "2250"]
[BlackElo "2405"]
[PlyCount "28"]
[EventDate "1980.12.27"]

1. e4 e5 2. Nf3 Nc6 3. Bb5 a6 4. Ba4 Nf6 5. O-O Be7 6. Re1 b5 7. Bb3 d6 8. c3
O-O 9. h3 Nb8 10. d4 Nbd7 11. Nbd2 Re8 12. Nf1 Bf8 13. Ng3 g6 14. Bg5 h6
1/2-1/2

[Event "XXIII Torneo di Capodanno"]
[Site "Reggio nell'Emilia ITA"]
[Date "1980.12.??"]
[Round "10"]
[White "Trois, Francisco R.T."]
[Black "Evangelisti, Claudio R."]
[Result "1/2-1/2"]
[WhiteElo "2395"]
[BlackElo "2315"]
[PlyCount "55"]
[EventDate "1980.12.27"]

1. d4 Nf6 2. Nf3 e6 3. c4 d5 4. g3 c5 5. cxd5 Nxd5 6. Bg2 Nc6 7. O-O Be7 8. Nc3
O-O 9. Nxd5 exd5 10. dxc5 Bxc5 11. Ne1 d4 12. Nd3 Bb6 13. Re1 Re8 14. Bf4 Bf5
15. Rc1 Be4 16. Bxe4 Rxe4 17. b4 Qe7 18. b5 Nb4 19. Nxb4 Qxb4 20. Qd3 Qe7 21.
Bc7 h5 22. Rc4 Bxc7 23. Rxc7 Qxc7 24. Qxe4 Qa5 25. Rd1 Qxb5 26. Rxd4 Re8 27.
Qd3 Qxd3 28. exd3 1/2-1/2

[Event "XXIII Torneo di Capodanno"]
[Site "Reggio nell'Emilia ITA"]
[Date "1980.12.??"]
[Round "10"]
[White "Wagman, Stuart"]
[Black "Messa, Roberto"]
[Result "1-0"]
[WhiteElo "2300"]
[BlackElo "2265"]
[PlyCount "141"]
[EventDate "1980.12.27"]

1. e4 e6 2. d4 d5 3. Nc3 Bb4 4. e5 Ne7 5. a3 Bxc3+ 6. bxc3 c5 7. Nf3 Bd7 8. Bd3
c4 9. Bf1 Ba4 10. g3 Qa5 11. Bd2 Nbc6 12. Bh3 h6 13. O-O O-O-O 14. Ne1 Rd7 15.
Ng2 Qd8 16. Ne3 Qg8 17. f4 g6 18. Rf2 Rd8 19. Rg2 Qh7 20. Qf1 Kb8 21. Be1 Ka8
22. Rb1 h5 23. Rf2 Qg8 24. Bg2 b5 25. Rd2 a6 26. Nd1 Nf5 27. Qf3 Qf8 28. Ra1
Ka7 29. h3 Qh6 30. g4 hxg4 31. hxg4 Nfe7 32. Ne3 Rdg8 33. Bg3 Rh7 34. Kf1 Rgh8
35. Ke1 Qf8 36. Rf2 Qd8 37. Rd2 Qa5 38. Nf1 Ka8 39. Rad1 Kb8 40. Rf2 Ka7 41.
Qe3 Qd8 42. Qd2 Qc8 43. Ne3 Qg8 44. Ke2 Kb8 45. Rdf1 Ka7 46. Kd1 a5 47. Ke2 Ka6
48. Ra1 Qg7 49. Rff1 Qg8 50. Rf2 Rg7 51. Rff1 Rgh7 52. Qe1 Rg7 53. Kd2 Ka7 54.
Bh4 g5 55. Bxg5 Rh2 56. Qg3 Rgh7 57. Rf2 Qg6 58. Bxe7 Nxe7 59. Qf3 Qh6 60. Rff1
Ng6 61. Rf2 Nh4 62. Qg3 Nxg2 63. Rxg2 Rh1 64. Rag1 Qf8 65. Rxh1 Rxh1 66. Rh2
Ra1 67. Qh4 Qxa3 68. Qf6 Bxc2 69. Qxf7+ Kb6 70. Qxe6+ Kb7 71. Qd7+ 1-0

[Event "XXIII Torneo di Capodanno"]
[Site "Reggio nell'Emilia ITA"]
[Date "1980.12.??"]
[Round "10"]
[White "Wittmann, Walter"]
[Black "Chevaldonnet, Francois"]
[Result "1/2-1/2"]
[WhiteElo "2365"]
[BlackElo "2375"]
[PlyCount "45"]
[EventDate "1980.12.27"]

1. e4 d5 2. exd5 Nf6 3. Bb5+ Bd7 4. Bc4 Bg4 5. f3 Bf5 6. Nc3 Nbd7 7. d4 Nb6 8.
Bb3 Nbxd5 9. Nxd5 Nxd5 10. Ne2 e6 11. O-O Qd7 12. c4 Ne7 13. d5 O-O-O 14. Nc3
Kb8 15. Be3 exd5 16. cxd5 Nc8 17. Rc1 Bd6 18. Re1 Nb6 19. Na4 Rhe8 20. Nxb6
axb6 21. Ba4 b5 22. Bb3 Re5 23. Qd2 1/2-1/2

[Event "XXIII Torneo di Capodanno"]
[Site "Reggio nell'Emilia ITA"]
[Date "1980.12.??"]
[Round "11"]
[White "Bertok, Mario"]
[Black "De Eccher, Stefano"]
[Result "1/2-1/2"]
[WhiteElo "2375"]
[BlackElo "2285"]
[PlyCount "42"]
[EventDate "1980.12.27"]

1. c4 Nf6 2. g3 e6 3. Bg2 d5 4. Nf3 c5 5. cxd5 Nxd5 6. Nc3 Nf6 7. O-O Nc6 8. b3
Be7 9. Bb2 O-O 10. Rc1 Rb8 11. Na4 b6 12. d4 Nxd4 13. Nxd4 cxd4 14. Qxd4 Ba6
15. Qe3 Nd5 16. Qf3 Rc8 17. Rxc8 Qxc8 18. Rc1 Qd7 19. Rd1 Qc7 20. Rc1 Qd7 21.
Rd1 Qc7 1/2-1/2

[Event "XXIII Torneo di Capodanno"]
[Site "Reggio nell'Emilia ITA"]
[Date "1980.12.??"]
[Round "11"]
[White "Chevaldonnet, Francois"]
[Black "Paniagua, Roberto"]
[Result "1-0"]
[WhiteElo "2375"]
[BlackElo "2250"]
[PlyCount "73"]
[EventDate "1980.12.27"]

1. e4 c5 2. Nf3 Nc6 3. d4 cxd4 4. Nxd4 e5 5. Nb5 a6 6. Nd6+ Bxd6 7. Qxd6 Qf6 8.
Qd1 Qg6 9. Nc3 d5 10. Nxd5 Qxe4+ 11. Be3 Nd4 12. Nc7+ Ke7 13. Rc1 Bh3 14. c3
Rd8 15. cxd4 exd4 16. Qc2 Qxc2 17. Rxc2 dxe3 18. gxh3 Kd6 19. Bg2 Rc8 20. Ke2
Nf6 21. Rd1+ Ke7 22. Bxb7 Rb8 23. Nd5+ Nxd5 24. Bxd5 exf2 25. Kxf2 Rhc8 26.
Rxc8 Rxc8 27. Rd2 Rc1 28. b4 Rc3 29. Kg2 f6 30. Bf3 Rc4 31. Rb2 Kd6 32. Be2 Rc6
33. a4 Kc7 34. b5 axb5 35. axb5 Rb6 36. Kf3 Rd6 37. Ra2 1-0

[Event "XXIII Torneo di Capodanno"]
[Site "Reggio nell'Emilia ITA"]
[Date "1980.12.??"]
[Round "11"]
[White "Minic, Dragoljub"]
[Black "Wagman, Stuart"]
[Result "1/2-1/2"]
[WhiteElo "2405"]
[BlackElo "2300"]
[PlyCount "57"]
[EventDate "1980.12.27"]

1. e4 c5 2. Nf3 d6 3. d4 cxd4 4. Nxd4 Nf6 5. Nc3 g6 6. Be2 Bg7 7. O-O O-O 8.
Bg5 Nc6 9. Nb3 a5 10. a4 Be6 11. f4 Rc8 12. Kh1 Nb4 13. Nd4 Bc4 14. Ndb5 Bxe2
15. Qxe2 Qb6 16. Rad1 Qc5 17. Rd2 Rfe8 18. Qf3 h6 19. Bh4 Qh5 20. Qg3 Rc4 21.
Qe1 Qc5 22. Na3 Rxc3 23. bxc3 Qxc3 24. Nb5 Qc4 25. e5 dxe5 26. fxe5 Nfd5 27.
Bg3 Nxc2 28. Qc1 Rc8 29. e6 1/2-1/2

[Event "XXIII Torneo di Capodanno"]
[Site "Reggio nell'Emilia ITA"]
[Date "1980.12.??"]
[Round "11"]
[White "Renman, Nils-Gustaf"]
[Black "Wittmann, Walter"]
[Result "1/2-1/2"]
[WhiteElo "2425"]
[BlackElo "2365"]
[PlyCount "24"]
[EventDate "1980.12.27"]

1. Nf3 Nf6 2. b3 g6 3. Bb2 Bg7 4. g3 O-O 5. Bg2 d6 6. d4 Nbd7 7. O-O Re8 8.
Nbd2 e5 9. dxe5 Ng4 10. Nc4 Ngxe5 11. Nfxe5 Nxe5 12. Nxe5 Bxe5 1/2-1/2

[Event "XXIII Torneo di Capodanno"]
[Site "Reggio nell'Emilia ITA"]
[Date "1980.12.??"]
[Round "11"]
[White "Taruffi, Daniele"]
[Black "Trois, Francisco R.T."]
[Result "1/2-1/2"]
[WhiteElo "2345"]
[BlackElo "2395"]
[PlyCount "105"]
[EventDate "1980.12.27"]

1. e4 d6 2. Nc3 g6 3. d4 Bg7 4. Nf3 Nf6 5. Be2 O-O 6. h3 c5 7. d5 Na6 8. O-O
Nc7 9. Re1 a6 10. a4 Bd7 11. e5 Nfe8 12. a5 dxe5 13. Be3 Nd6 14. Bxc5 e4 15.
Nd4 f5 16. Qd2 Rc8 17. Nb3 Ncb5 18. Na4 f4 19. Bf1 e3 20. fxe3 Ne4 21. Qb4 Nxc5
22. Nbxc5 fxe3 23. c3 Bh6 24. Qh4 Bf4 25. Nxd7 Qxd7 26. Nb6 Qc7 27. Nxc8 Rxc8
28. Qg4 Rf8 29. Kh1 Nd6 30. Ra4 Bh6 31. Qe6+ Kh8 32. Qe5+ Bg7 33. Qxe3 Nf5 34.
Qd3 Ng3+ 35. Kg1 Qc5+ 36. Rd4 Bxd4+ 37. Qxd4+ Qxd4+ 38. cxd4 Nf5 39. Bd3 Rf7
40. Bxf5 Rxf5 41. Re5 Rf7 42. Re6 Rf5 43. Rxe7 Rxd5 44. Rxb7 Rxa5 45. Kf2 Kg8
46. Ke3 Kf8 47. Kd3 h5 48. Ke4 Rg5 49. Rb6 Rxg2 50. b4 Rb2 51. h4 Ke7 52. Kd5
Kf7 53. Kc5 1/2-1/2

[Event "XXIII Torneo di Capodanno"]
[Site "Reggio nell'Emilia ITA"]
[Date "1980.12.??"]
[Round "12"]
[White "De Eccher, Stefano"]
[Black "Messa, Roberto"]
[Result "1-0"]
[WhiteElo "2285"]
[BlackElo "2265"]
[PlyCount "49"]
[EventDate "1980.12.27"]

1. e4 g6 2. d4 Bg7 3. Nc3 d6 4. Be2 Nf6 5. h4 c5 6. dxc5 Qa5 7. Kf1 Qxc5 8. Be3
Qa5 9. h5 gxh5 10. Nh3 Bg4 11. f3 Bxh3 12. Rxh3 Nc6 13. Qd2 O-O-O 14. Rb1 e6
15. b4 Qc7 16. b5 Ne5 17. b6 axb6 18. Bxb6 Nc4 19. Bxc4 Qxc4+ 20. Kg1 Rd7 21.
Nb5 Qa4 22. Qc3+ Kb8 23. Bc7+ Ka8 24. Rb3 Ne8 25. Ra3 1-0

[Event "XXIII Torneo di Capodanno"]
[Site "Reggio nell'Emilia ITA"]
[Date "1980.12.??"]
[Round "12"]
[White "Paniagua, Roberto"]
[Black "Wagman, Stuart"]
[Result "1/2-1/2"]
[WhiteElo "2250"]
[BlackElo "2300"]
[PlyCount "64"]
[EventDate "1980.12.27"]

1. d4 f5 2. h3 d6 3. g4 Nc6 4. Qd3 e5 5. c3 Nf6 6. gxf5 e4 7. Qg3 Bxf5 8. Bg5
Be7 9. Bxf6 Bxf6 10. e3 O-O 11. h4 Ne7 12. h5 c6 13. Nd2 c5 14. Ne2 Nc6 15. Nf4
Ne7 16. dxc5 dxc5 17. Bc4+ Kh8 18. Ng6+ Nxg6 19. hxg6 h6 20. O-O-O Qe7 21. Rh5
Be6 22. Rg1 Bxc4 23. Nxc4 Rad8 24. Ne5 Bxe5 25. Qxe5 Qxe5 26. Rxe5 Rxf2 27.
Rxe4 Kg8 28. Rgg4 Kf8 29. a4 Rf6 30. Rg3 Rdd6 31. Reg4 b6 32. Kc2 h5 1/2-1/2

[Event "XXIII Torneo di Capodanno"]
[Site "Reggio nell'Emilia ITA"]
[Date "1980.12.??"]
[Round "12"]
[White "Trois, Francisco R.T."]
[Black "Bertok, Mario"]
[Result "1/2-1/2"]
[WhiteElo "2395"]
[BlackElo "2375"]
[PlyCount "28"]
[EventDate "1980.12.27"]

1. d4 d5 2. Nf3 Nf6 3. c4 e6 4. Nc3 c5 5. cxd5 exd5 6. Bg5 cxd4 7. Nxd4 Nc6 8.
e3 Bb4 9. Rc1 h6 10. Bxf6 Qxf6 11. a3 Bxc3+ 12. Rxc3 Nxd4 13. Qxd4 Qxd4 14.
exd4 Bd7 1/2-1/2

[Event "XXIII Torneo di Capodanno"]
[Site "Reggio nell'Emilia ITA"]
[Date "1980.12.??"]
[Round "12"]
[White "Wittmann, Walter"]
[Black "Evangelisti, Claudio R."]
[Result "1/2-1/2"]
[WhiteElo "2365"]
[BlackElo "2315"]
[PlyCount "21"]
[EventDate "1980.12.27"]

1. e4 e5 2. Nf3 Nc6 3. Bb5 a6 4. Ba4 Nf6 5. d4 exd4 6. O-O Be7 7. Re1 O-O 8. e5
Ne8 9. Bf4 f6 10. Bxc6 bxc6 11. Qxd4 1/2-1/2

[Event "XXIII Torneo di Capodanno"]
[Site "Reggio nell'Emilia ITA"]
[Date "1980.12.??"]
[Round "13"]
[White "Evangelisti, Claudio R."]
[Black "Chevaldonnet, Francois"]
[Result "1/2-1/2"]
[WhiteElo "2315"]
[BlackElo "2375"]
[PlyCount "100"]
[EventDate "1980.12.27"]

1. d4 Nf6 2. c4 g6 3. Nc3 Bg7 4. e4 d6 5. Be2 O-O 6. Nf3 e5 7. O-O Nc6 8. d5
Ne7 9. Nd2 a5 10. b3 Nd7 11. Ba3 Nc5 12. b4 axb4 13. Bxb4 Na6 14. Ba3 b6 15.
Nb3 Nc5 16. Bb2 f5 17. Nxc5 dxc5 18. a4 fxe4 19. Nxe4 Bf5 20. Bd3 Nc8 21. Re1
Bxe4 22. Rxe4 Qe7 23. Qc2 Nd6 24. Ree1 Rae8 25. Be4 Ra8 26. g3 Qd7 27. Kg2 Rf7
28. Ra3 Raf8 29. f3 Ra8 30. h4 Nxe4 31. Rxe4 c6 32. dxc6 Qxc6 33. Bxe5 Bxe5 34.
Rxe5 Rfa7 35. Qd1 Rd7 36. Rd3 Rxd3 37. Qxd3 Rf8 38. h5 Qf6 39. Qe3 gxh5 40.
Rxh5 Qb2+ 41. Kh3 Qf6 42. Qe4 Qg6 43. Qd5+ Qf7 44. Kg4 Qxd5 45. Rxd5 Ra8 46.
Rd6 Rxa4 47. Rxb6 Rxc4+ 48. Kf5 Rc3 49. Ke4 Rc4+ 50. Kd3 Ra4 1/2-1/2

[Event "XXIII Torneo di Capodanno"]
[Site "Reggio nell'Emilia ITA"]
[Date "1980.12.??"]
[Round "13"]
[White "Messa, Roberto"]
[Black "Trois, Francisco R.T."]
[Result "1/2-1/2"]
[WhiteElo "2265"]
[BlackElo "2395"]
[PlyCount "20"]
[EventDate "1980.12.27"]

1. e4 e5 2. Nc3 Nc6 3. g3 g6 4. Bg2 Bg7 5. Nge2 Nge7 6. O-O d6 7. h3 O-O 8. d3
Nd4 9. Nxd4 exd4 10. Ne2 d5 1/2-1/2

[Event "XXIII Torneo di Capodanno"]
[Site "Reggio nell'Emilia ITA"]
[Date "1980.12.??"]
[Round "13"]
[White "Minic, Dragoljub"]
[Black "De Eccher, Stefano"]
[Result "1-0"]
[WhiteElo "2405"]
[BlackElo "2285"]
[PlyCount "67"]
[EventDate "1980.12.27"]

1. e4 c5 2. Nf3 d6 3. d4 cxd4 4. Nxd4 Nf6 5. Nc3 g6 6. Be3 Bg7 7. f3 O-O 8. Bc4
Nc6 9. Qd2 Bd7 10. O-O-O Qa5 11. Bb3 Rfc8 12. g4 Ne5 13. h4 Nc4 14. Bxc4 Rxc4
15. h5 Rxc3 16. Qxc3 Qxa2 17. Qa3 Qxa3 18. bxa3 Rc8 19. h6 Bh8 20. Kb1 Ba4 21.
Nb3 Rc3 22. Rhe1 Nd7 23. Bd4 Bxd4 24. Rxd4 Bxb3 25. cxb3 f6 26. Rc1 Rxb3+ 27.
Ka2 Rxf3 28. Rc7 Ne5 29. Rxe7 b5 30. Rxd6 Rxa3+ 31. Kb1 Kf8 32. Rxh7 Ke8 33.
Re6+ Kd8 34. Rxf6 1-0